000
00399nam a2200133Ia 4500
008
151001s9999||||xx |||||||||||||| ||und||
100
_a
महेंद्र मित्तल
245
_a
शिरडी के संत श्री साईबाबा
250
_a
1
260
_b
दृष्टी प्रकाशन
260
_c
2009
300
_a
159
365
_b
21
999
_c
993961
_d
993958